UNDERSTANDING QURANIC CHRISTOLOGICAL TITLES THROUGH MARK'S CHRISTOLOGY: ITS RELEVANCE to INTERFAITH... (Record no. 23163)

MARC details
000 -LEADER
fixed length control field 00396nam a22001217a 4500
082 ## - DEWEY DECIMAL CLASSIFICATION NUMBER
Classification number 226.3 LAL
100 ## - MAIN ENTRY--AUTHOR NAME
Author name Lalnun Rema
245 ## - TITLE STATEMENT
Title UNDERSTANDING QURANIC CHRISTOLOGICAL TITLES THROUGH MARK'S CHRISTOLOGY: ITS RELEVANCE to INTERFAITH...
260 ## - PUBLICATION, DISTRIBUTION, ETC. (IMPRINT)
Place of publication Henry Martyn Institute, Hyyderabad
Name of publisher Henry Martyn Institute
Year of publication 2020
300 ## - PHYSICAL DESCRIPTION
Number of Pages 83
650 ## - SUBJECT ADDED ENTRY--TOPICAL TERM
Topical Term Bible-Mark Bible-New Testament
942 ## - ADDED ENTRY ELEMENTS (KOHA)
Koha item type Thesis
Holdings
Collection code Home library Current library Shelving location Date acquired Source of acquisition Full call number Accession Number Koha item type
Reference Henry Martyn Institute Library Henry Martyn Institute Library Reference 10/18/2020 Lalnun Rema-student 226.3 LAL 11-4501 Thesis
                   Copyright © 2026 | Henry Martyn Institute | Hyderabad | TS-500052 | INDIA | Implemented by hmi.edu.in
Hit-Count:

Powered by Koha